[Event "HSG Open 2016"]
[Site "Hilversum"]
[Date "2016.06.18"]
[Round "4.9"]
[White "Ketzetzis, Georgios"]
[Black "Kokje, Joris"]
[Result "0-1"]
[BlackElo "2164"]
[WhiteElo "2326"]
[LiveChessVersion "1.4.8"]

1. e4 {[%clk 1:50:17]} c5 {[%clk 1:50:10]} 2. Nf3 {[%clk 1:50:22]} d6
{[%clk 1:50:12]} 3. d4 {[%clk 1:50:27]} cxd4 {[%clk 1:50:16]} 4. Nxd4
{[%clk 1:50:33]} Nf6 {[%clk 1:50:18]} 5. Nc3 {[%clk 1:50:38]} Nc6
{[%clk 1:50:17]} 6. Bc4 {[%clk 1:50:38]} Qb6 {[%clk 1:49:44]} 7. Nde2
{[%clk 1:41:16]} e6 {[%clk 1:45:00]} 8. O-O {[%clk 1:41:07]} a6 {[%clk 1:42:12]}
9. a3 {[%clk 1:35:16]} Be7 {[%clk 1:40:02]} 10. Kh1 {[%clk 1:34:58]} O-O
{[%clk 1:37:35]} 11. f4 {[%clk 1:23:42]} Ng4 {[%clk 1:29:33]} 12. Qe1
{[%clk 1:23:44]} Ne3 {[%clk 1:29:10]} 13. Bxe3 {[%clk 1:23:43]} Qxe3
{[%clk 1:29:14]} 14. f5 {[%clk 1:23:48]} Ne5 {[%clk 1:22:36]} 15. Ba2
{[%clk 1:18:05]} b5 {[%clk 1:13:03]} 16. Rd1 {[%clk 1:16:06]} Bd7
{[%clk 1:07:10]} 17. Rd4 {[%clk 1:05:03]} Rac8 {[%clk 1:01:22]} 18. Bb3
{[%clk 1:02:07]} Rc6 {[%clk 0:53:30]} 19. Rf4 {[%clk 1:00:57]} Bg5
{[%clk 0:51:10]} 20. Nd1 {[%clk 1:00:51]} Bxf4 {[%clk 0:50:57]} 21. Nxe3
{[%clk 1:00:54]} Bxe3 {[%clk 0:51:03]} 22. Rd1 {[%clk 1:00:53]} Ng4
{[%clk 0:50:55]} 23. h3 {[%clk 0:57:40]} Nf2+ {[%clk 0:49:39]} 24. Kh2
{[%clk 0:57:45]} Nxd1 {[%clk 0:49:34]} 25. Qxd1 {[%clk 0:57:20]} Rfc8
{[%clk 0:42:20]} 26. Qd3 {[%clk 0:57:02]} Bb6 {[%clk 0:38:15]} 27. Nf4
{[%clk 0:54:08]} Re8 {[%clk 0:35:31]} 28. fxe6 {[%clk 0:52:16]} fxe6
{[%clk 0:35:05]} 29. Nxe6 {[%clk 0:52:07]} Rxe6 {[%clk 0:33:48]} 30. Qd5
{[%clk 0:48:26]} g6 {[%clk 0:29:32]} 31. Qg5 {[%clk 0:45:43]} Bc7
{[%clk 0:24:39]} 32. Kg1 {[%clk 0:43:40]} Kg7 {[%clk 0:24:15]} 33. Bxe6
{[%clk 0:40:43]} Bxe6 {[%clk 0:24:21]} 34. c3 {[%clk 0:40:49]} Rc5 35. Qe7+
{[%clk 0:40:50]} Bf7 {[%clk 0:22:07]} 36. e5 {[%clk 0:39:54]} Bb6
{[%clk 0:21:05]} 37. Qb7 {[%clk 0:36:32]} Bc7 {[%clk 0:17:05]} 38. Qa7
{[%clk 0:34:55]} a5 {[%clk 0:16:27]} 39. g4 {[%clk 0:29:40]} Rc4 {[%clk 0:16:29]}
40. exd6 {[%clk 0:29:40]} Bxd6 {[%clk 0:14:45]} 41. Qxa5 {[%clk 0:29:27]} Bc5+
{[%clk 0:14:19]} 42. Kh2 {[%clk 0:29:31]} Bd6+ {[%clk 0:12:59]} 43. Kg1 Rc5 44.
a4 {[%clk 0:27:52]} bxa4 {[%clk 0:12:30]} 45. Qxa4 {[%clk 0:27:57]} Rd5
{[%clk 0:12:33]} 46. b4 {[%clk 0:27:03]} Rd2 {[%clk 0:11:30]} 47. Qc6
{[%clk 0:27:07]} Bg3 {[%clk 0:10:05]} 48. Qf3 {[%clk 0:21:25]} Bf2+
{[%clk 0:09:32]} 49. Kh2 {[%clk 0:20:47]} Bd5 {[%clk 0:09:03]} 0-1

[Event "HSG Open 2016"]
[Site "Hilversum"]
[Date "2016.06.18"]
[Round "4.10"]
[White "Brink, Barry"]
[Black "Becx, Cesar"]
[Result "1-0"]
[BlackElo "2099"]
[WhiteElo "2324"]
[LiveChessVersion "1.4.8"]

1. d4 {[%clk 1:50:10]} f5 {[%clk 1:41:08]} 2. c4 {[%clk 1:49:39]} Nf6
{[%clk 1:41:01]} 3. Nc3 {[%clk 1:49:39]} g6 {[%clk 1:39:19]} 4. g3
{[%clk 1:48:24]} Bg7 {[%clk 1:39:25]} 5. Bg2 {[%clk 1:48:28]} O-O
{[%clk 1:39:26]} 6. Nf3 {[%clk 1:48:33]} d6 {[%clk 1:39:18]} 7. O-O
{[%clk 1:48:32]} c6 {[%clk 1:37:31]} 8. d5 {[%clk 1:47:57]} Qe8 {[%clk 1:25:22]}
9. Nd4 {[%clk 1:47:05]} Bd7 {[%clk 1:24:17]} 10. Rb1 {[%clk 1:45:06]} Na6
{[%clk 1:19:36]} 11. Nb3 {[%clk 1:37:16]} c5 {[%clk 1:15:56]} 12. a3
{[%clk 1:33:22]} Nh5 {[%clk 1:05:21]} 13. Bd2 {[%clk 1:29:26]} f4
{[%clk 1:00:53]} 14. Na5 {[%clk 1:22:44]} Qd8 {[%clk 0:50:00]} 15. b4
{[%clk 1:14:26]} cxb4 {[%clk 0:41:26]} 16. axb4 {[%clk 1:14:19]} Bf5
{[%clk 0:33:30]} 17. Ne4 {[%clk 1:12:06]} Qd7 {[%clk 0:27:16]} 18. Rb3
{[%clk 1:07:50]} Rac8 {[%clk 0:21:06]} 19. Ng5 {[%clk 1:02:58]} b5
{[%clk 0:15:55]} 20. Ne6 {[%clk 1:01:09]} bxc4 {[%clk 0:09:58]} 21. Nxf8
{[%clk 1:00:35]} Kxf8 {[%clk 0:09:44]} 22. Ra3 {[%clk 0:58:31]} c3
{[%clk 0:09:28]} 23. Nc6 {[%clk 0:58:08]} c2 {[%clk 0:02:48]} 24. Qc1
{[%clk 0:57:25]} Qb7 {[%clk 0:02:14]} 25. g4 {[%clk 0:40:34]} Bxg4
{[%clk 0:01:59]} 26. Qxc2 {[%clk 0:40:29]} Bxe2 {[%clk 0:01:36]} 27. Re1
{[%clk 0:40:31]} f3 {[%clk 0:01:13]} 28. Bxf3 {[%clk 0:40:13]} 1-0

[Event "HSG Open 2016"]
[Site "Hilversum"]
[Date "2016.06.18"]
[Round "4.11"]
[White "Schoehuijs, Erik"]
[Black "Haast, Anne"]
[Result "0-1"]
[BlackElo "2293"]
[WhiteElo "2151"]
[LiveChessVersion "1.4.8"]

1. d4 {[%clk 1:50:17]} Nf6 {[%clk 1:47:43]} 2. c4 {[%clk 1:50:21]} c5
{[%clk 1:47:44]} 3. d5 {[%clk 1:50:21]} b5 {[%clk 1:47:45]} 4. cxb5
{[%clk 1:50:12]} a6 {[%clk 1:47:48]} 5. e3 {[%clk 1:49:57]} Bb7 {[%clk 1:46:08]}
6. Nc3 {[%clk 1:50:00]} Qa5 {[%clk 1:46:04]} 7. Bd2 {[%clk 1:49:57]} axb5
{[%clk 1:45:55]} 8. Bxb5 {[%clk 1:49:58]} Qb6 {[%clk 1:45:28]} 9. Nf3
{[%clk 1:48:58]} Nxd5 {[%clk 1:42:10]} 10. Nxd5 {[%clk 1:48:56]} Bxd5
{[%clk 1:42:07]} 11. a4 {[%clk 1:48:58]} e6 {[%clk 1:39:47]} 12. Bc3
{[%clk 1:47:52]} Be7 {[%clk 1:37:17]} 13. O-O {[%clk 1:46:41]} O-O
{[%clk 1:37:06]} 14. Qe2 {[%clk 1:33:28]} Bc6 {[%clk 1:36:40]} 15. Ne5
{[%clk 1:24:34]} Bxb5 {[%clk 1:35:21]} 16. Qxb5 {[%clk 1:22:24]} Qc7
{[%clk 1:35:03]} 17. Rfd1 {[%clk 1:08:09]} d5 {[%clk 1:34:33]} 18. a5
{[%clk 1:02:16]} Bd6 {[%clk 1:34:10]} 19. Nf3 {[%clk 0:55:42]} Na6
{[%clk 1:33:46]} 20. Qa4 {[%clk 0:53:24]} Rfb8 {[%clk 1:31:07]} 21. Rac1
{[%clk 0:43:37]} Nb4 {[%clk 1:29:12]} 22. Bxb4 {[%clk 0:37:17]} Rxb4
{[%clk 1:29:15]} 23. Qxb4 {[%clk 0:36:25]} cxb4 {[%clk 1:29:18]} 24. Rxc7
{[%clk 0:36:31]} Bxc7 {[%clk 1:29:23]} 25. Rc1 {[%clk 0:34:59]} Bxa5
{[%clk 1:28:27]} 26. g3 {[%clk 0:30:35]} Bd8 {[%clk 1:27:13]} 27. b3
{[%clk 0:25:52]} Bf6 {[%clk 1:26:35]} 28. Rc7 {[%clk 0:25:15]} h6
{[%clk 1:26:23]} 29. Rb7 {[%clk 0:25:01]} Bc3 {[%clk 1:26:02]} 30. Nd4
{[%clk 0:24:12]} Ra3 {[%clk 1:23:42]} 31. Nb5 {[%clk 0:24:08]} Rxb3
{[%clk 1:23:33]} 32. Nxc3 {[%clk 0:24:14]} Rxc3 {[%clk 1:23:38]} 33. Rxb4
{[%clk 0:24:21]} g5 {[%clk 1:20:35]} 34. Kg2 {[%clk 0:22:12]} Kg7
{[%clk 1:20:20]} 35. h3 {[%clk 0:20:48]} Kg6 {[%clk 1:19:37]} 36. g4
{[%clk 0:20:43]} h5 {[%clk 1:17:41]} 37. Rb7 {[%clk 0:20:35]} h4 {[%clk 1:15:56]}
38. Rd7 {[%clk 0:19:35]} Kf6 {[%clk 1:12:14]} 39. Kf3 {[%clk 0:19:16]} Rc8
{[%clk 1:12:00]} 40. Kg2 {[%clk 0:19:12]} Rf8 {[%clk 1:10:45]} 41. Kf3
{[%clk 0:19:00]} Ke5 {[%clk 1:09:41]} 42. Kg2 {[%clk 0:17:42]} f6
{[%clk 1:06:21]} 43. Kf3 {[%clk 0:16:58]} Ra8 {[%clk 1:05:28]} 44. Kg2
{[%clk 0:16:37]} Ra6 {[%clk 1:04:05]} 45. Rd8 {[%clk 0:15:49]} Ke4
{[%clk 1:03:24]} 46. Re8 {[%clk 0:13:12]} e5 {[%clk 1:01:43]} 47. Re7
{[%clk 0:13:18]} Kd3 {[%clk 1:00:05]} 48. Kf3 {[%clk 0:12:57]} d4
{[%clk 0:59:31]} 49. exd4 {[%clk 0:13:01]} exd4 {[%clk 0:59:33]} 50. Rb7
{[%clk 0:11:55]} Kc2 {[%clk 0:56:32]} 51. Ke4 {[%clk 0:11:52]} d3
{[%clk 0:56:20]} 52. Rc7+ {[%clk 0:11:05]} Kd2 {[%clk 0:56:16]} 53. Rd7
{[%clk 0:11:07]} Ra4+ {[%clk 0:56:09]} 0-1

[Event "HSG Open 2016"]
[Site "Hilversum"]
[Date "2016.06.18"]
[Round "4.12"]
[White "Pedersen, Daniel Vesterbae"]
[Black "Van Dael, Siem"]
[Result "1-0"]
[BlackElo "2006"]
[WhiteElo "2268"]
[LiveChessVersion "1.4.8"]

1. e4 {[%clk 1:50:18]} e5 {[%clk 1:50:16]} 2. Nf3 {[%clk 1:50:15]} Nc6
{[%clk 1:50:19]} 3. g3 {[%clk 1:50:16]} Nf6 {[%clk 1:50:15]} 4. d3
{[%clk 1:50:17]} Bc5 {[%clk 1:50:10]} 5. Bg2 {[%clk 1:50:19]} d5 {[%clk 1:49:17]}
6. exd5 {[%clk 1:50:09]} Nxd5 {[%clk 1:49:18]} 7. O-O {[%clk 1:48:56]} O-O
{[%clk 1:49:04]} 8. Re1 {[%clk 1:44:18]} Re8 {[%clk 1:46:55]} 9. c3
{[%clk 1:42:52]} Bg4 {[%clk 1:42:54]} 10. h3 {[%clk 1:42:31]} Bh5
{[%clk 1:42:57]} 11. Nbd2 {[%clk 1:22:22]} a5 {[%clk 1:40:53]} 12. Nc4
{[%clk 1:13:53]} Nb6 {[%clk 1:32:14]} 13. Nxb6 {[%clk 0:59:27]} Bxb6
{[%clk 1:32:17]} 14. Be3 {[%clk 0:59:25]} Bxe3 {[%clk 1:29:52]} 15. Rxe3
{[%clk 0:59:23]} Qd6 {[%clk 1:27:02]} 16. Qa4 {[%clk 0:55:14]} Rad8
{[%clk 1:16:49]} 17. Rae1 {[%clk 0:51:47]} f5 {[%clk 0:48:35]} 18. Qb5
{[%clk 0:51:35]} f4 {[%clk 0:46:43]} 19. gxf4 {[%clk 0:51:40]} exf4
{[%clk 0:46:43]} 20. Rxe8+ {[%clk 0:51:46]} Bxe8 {[%clk 0:46:37]} 21. Qxb7
{[%clk 0:51:19]} Bf7 {[%clk 0:46:04]} 22. Ng5 {[%clk 0:50:10]} Qg6
{[%clk 0:38:35]} 23. Qxc6 {[%clk 0:46:41]} Qxg5 {[%clk 0:37:15]} 24. Kh2
{[%clk 0:46:47]} f3 {[%clk 0:27:23]} 25. Qxf3 {[%clk 0:21:52]} Bd5
{[%clk 0:10:28]} 26. Qg3 {[%clk 0:21:52]} Qxg3+ {[%clk 0:10:14]} 27. Kxg3
{[%clk 0:21:57]} Bxa2 {[%clk 0:09:45]} 28. d4 {[%clk 0:21:54]} Bb3
{[%clk 0:09:23]} 29. Re7 {[%clk 0:18:09]} Rd6 {[%clk 0:08:40]} 30. Rxc7
{[%clk 0:17:38]} a4 {[%clk 0:08:24]} 31. Rc6 {[%clk 0:16:24]} Rd7
{[%clk 0:08:05]} 32. Ra6 {[%clk 0:15:12]} h6 {[%clk 0:07:01]} 33. Bc6
{[%clk 0:12:58]} Rd6 {[%clk 0:07:01]} 34. Bb5 {[%clk 0:11:53]} Rd5
{[%clk 0:05:45]} 35. Bxa4 {[%clk 0:11:25]} Rg5+ {[%clk 0:05:46]} 36. Kf4
{[%clk 0:11:08]} Bc4 {[%clk 0:04:47]} 37. Rc6 {[%clk 0:09:41]} 1-0

[Event "HSG Open 2016"]
[Site "Hilversum"]
[Date "2016.06.18"]
[Round "5.1"]
[White "Pruijssers, Roeland"]
[Black "Ten Hertog, Hugo"]
[Result "0-1"]
[BlackElo "2447"]
[WhiteElo "2465"]
[LiveChessVersion "1.4.8"]

1. e4 {[%clk 1:48:23]} g6 {[%clk 1:50:11]} 2. d4 {[%clk 1:48:19]} Bg7
{[%clk 1:50:17]} 3. Nc3 {[%clk 1:48:23]} d6 {[%clk 1:50:23]} 4. f4
{[%clk 1:48:11]} Nf6 {[%clk 1:50:28]} 5. Nf3 {[%clk 1:48:16]} O-O
{[%clk 1:50:33]} 6. Bd3 {[%clk 1:48:21]} Nc6 {[%clk 1:50:40]} 7. e5
{[%clk 1:45:00]} dxe5 {[%clk 1:50:44]} 8. fxe5 {[%clk 1:43:18]} Nh5
{[%clk 1:50:48]} 9. Be3 {[%clk 1:36:32]} Bg4 {[%clk 1:50:23]} 10. Be2
{[%clk 1:35:45]} f6 {[%clk 1:49:56]} 11. exf6 {[%clk 1:32:23]} exf6
{[%clk 1:50:00]} 12. Qd2 {[%clk 1:18:41]} Ne7 {[%clk 1:50:01]} 13. O-O-O
{[%clk 1:16:43]} Nf5 {[%clk 1:46:21]} 14. h3 {[%clk 1:13:30]} Bxf3
{[%clk 1:45:23]} 15. Bxf3 {[%clk 1:13:09]} Re8 {[%clk 1:44:55]} 16. Ne4
{[%clk 1:06:15]} Kh8 {[%clk 1:24:20]} 17. g4 {[%clk 1:02:27]} Nxe3
{[%clk 1:23:32]} 18. Qxe3 {[%clk 1:02:18]} Ng3 {[%clk 1:23:08]} 19. Rhg1
{[%clk 1:00:01]} Nxe4 {[%clk 1:22:41]} 20. Bxe4 {[%clk 1:00:04]} f5
{[%clk 1:01:23]} 21. gxf5 {[%clk 0:59:49]} Qh4 {[%clk 1:00:41]} 22. Rg4
{[%clk 0:54:18]} Bh6 {[%clk 0:57:36]} 23. Rxh4 {[%clk 0:54:18]} Bxe3+
{[%clk 0:57:43]} 24. Kb1 {[%clk 0:54:20]} g5 {[%clk 0:57:14]} 25. Rg4
{[%clk 0:53:01]} h5 {[%clk 0:56:24]} 26. Bxb7 {[%clk 0:52:44]} hxg4
{[%clk 0:53:07]} 27. Bxa8 {[%clk 0:52:39]} gxh3 {[%clk 0:38:02]} 28. Bf3
{[%clk 0:38:09]} Kg7 {[%clk 0:36:43]} 29. c3 {[%clk 0:24:38]} Kf6
{[%clk 0:35:32]} 30. Rh1 {[%clk 0:24:26]} Rh8 {[%clk 0:35:21]} 31. Kc2
{[%clk 0:23:48]} h2 {[%clk 0:31:43]} 32. Rf1 {[%clk 0:22:44]} Rh3
{[%clk 0:31:03]} 33. Bh1 {[%clk 0:21:25]} Rg3 {[%clk 0:30:36]} 34. Kd1
{[%clk 0:21:04]} Rg1 {[%clk 0:30:40]} 35. Ke2 {[%clk 0:21:09]} g4
{[%clk 0:30:21]} 36. Be4 {[%clk 0:20:06]} g3 {[%clk 0:29:59]} 0-1

[Event "HSG Open 2016"]
[Site "Hilversum"]
[Date "2016.06.18"]
[Round "5.2"]
[White "Hendriks, Willy"]
[Black "Van de Griendt, Jan Willem"]
[Result "1/2-1/2"]
[BlackElo "2342"]
[WhiteElo "2406"]
[LiveChessVersion "1.4.8"]

1. e4 e6 2. d4 d5 3. e5 c5 4. c3 Nc6 5. Nf3 Nh6 6. Bd3 cxd4 7. Bxh6 gxh6 8. cxd4
Bg7 9. O-O Bd7 10. Nc3 O-O 11. Bc2 f6 12. Qd3 f5 13. Ba4 Qb6 14. Rab1 Rfc8 15.
Rfc1 Be8 16. Bd1 Qa5 17. a3 Bf8 18. Ne2 Qb6 19. b4 Nd8 20. Nf4 Rc7 21. Qe3 Rac8
22. g3 a5 23. Rxc7 Qxc7 24. b5 a4 25. Nd3 Qa5 26. Nb4 Qxb5 27. Be2 Qd7 28. Ne1
Rc7 29. Ng2 Qc8 30. Nf4 Rc3 31. Qd2 Rxa3 32. Nbxd5 exd5 33. Nxd5 Bf7 34. Rc1
Qxc1+ 35. Qxc1 Bxd5 36. Bc4 Bf7 37. d5 Kg7 38. d6 Rb3 39. Bxf7 Nxf7 40. Qc7 Bxd6
41. exd6 a3 42. d7 Rd3 43. Qxb7 Rd2 44. Kg2 a2 45. d8=Q Rxd8 46. Qb2+ Kg6 47.
Qxa2 Rd6 48. Qc4 h5 49. Qf4 h6 50. h4 Re6 51. Qb8 Kg7 52. Qc8 Kf6 53. Qf8 Rd6 54.
Qe8 Re6 55. Qd7 Rd6 56. Qc7 Re6 57. Qc4 Rd6 58. Qf4 Re6 59. Qd4+ Kg6 60. Kf1 Rd6
61. Qc4 Kf6 62. Qc3+ Ke5 1/2-1/2

[Event "HSG Open 2016"]
[Site "Hilversum"]
[Date "2016.06.18"]
[Round "5.3"]
[White "Dgebuadze, Alexandre"]
[Black "Pedersen, Daniel Vesterbae"]
[Result "1-0"]
[BlackElo "2268"]
[WhiteElo "2510"]
[LiveChessVersion "1.4.8"]

1. c4 {[%clk 1:49:53]} e5 {[%clk 1:50:15]} 2. Nc3 {[%clk 1:49:47]} Nf6
{[%clk 1:50:11]} 3. e3 {[%clk 1:49:34]} d5 {[%clk 1:45:32]} 4. cxd5
{[%clk 1:49:25]} Nxd5 {[%clk 1:45:26]} 5. Nf3 {[%clk 1:48:37]} Nc6
{[%clk 1:28:25]} 6. Bb5 {[%clk 1:46:47]} Nxc3 {[%clk 1:28:13]} 7. bxc3
{[%clk 1:46:37]} e4 {[%clk 1:26:38]} 8. Nd4 {[%clk 1:46:36]} Bd7 {[%clk 1:16:50]}
9. Qc2 {[%clk 1:37:56]} Qe7 {[%clk 0:57:11]} 10. Rb1 {[%clk 1:35:13]} h5
{[%clk 0:49:17]} 11. Ba4 {[%clk 1:23:29]} Ne5 {[%clk 0:34:53]} 12. Bxd7+
{[%clk 1:21:15]} Nxd7 {[%clk 0:33:55]} 13. Rxb7 {[%clk 1:19:07]} Nc5
{[%clk 0:24:13]} 14. Ba3 {[%clk 1:16:20]} Nd3+ {[%clk 0:15:43]} 15. Qxd3
{[%clk 1:15:48]} exd3 {[%clk 0:15:43]} 16. Bxe7 {[%clk 1:15:53]} Bxe7
{[%clk 0:14:46]} 17. Rxc7 {[%clk 1:15:30]} Rb8 {[%clk 0:13:48]} 18. O-O
{[%clk 1:14:23]} Bd6 {[%clk 0:09:11]} 19. Rxa7 {[%clk 1:12:27]} O-O
{[%clk 0:09:14]} 20. Rd7 {[%clk 1:10:02]} Rfd8 {[%clk 0:08:09]} 21. Rxd8+
{[%clk 1:09:16]} Rxd8 {[%clk 0:08:17]} 22. a4 {[%clk 1:09:06]} Rb8
{[%clk 0:08:26]} 23. Nb5 {[%clk 1:08:48]} 1-0

[Event "HSG Open 2016"]
[Site "Hilversum"]
[Date "2016.06.18"]
[Round "5.4"]
[White "Haast, Anne"]
[Black "Leenhouts, Koen"]
[Result "0-1"]
[BlackElo "2488"]
[WhiteElo "2293"]
[LiveChessVersion "1.4.8"]

1. e4 c5 2. Nf3 e6 3. d4 cxd4 4. Nxd4 Nc6 5. Nc3 Qc7 6. f4 a6 7. Nxc6 bxc6 8. e5
d5 9. exd6 Bxd6 10. Ne4 Be7 11. Bd3 Nf6 12. O-O O-O 13. Nxf6+ Bxf6 14. c3 Rd8 15.
Qc2 Qb6+ 16. Kh1 g6 17. Re1 Rb8 18. Rb1 c5 19. Be4 Bb7 20. Be3 Qa5 21. a3 Bd5 22.
Red1 c4 23. Ba7 Rb7 24. Bd4 Bxe4 25. Qxe4 Rbd7 26. h3 Bxd4 27. cxd4 Qb6 28. Qe2
Rxd4 29. Rxd4 Qxd4 30. Rc1 Rc8 31. b3 Qxf4 32. Rxc4 Rxc4 33. bxc4 Qc1+ 34. Kh2
Qf4+ 35. Kh1 Qd4 36. c5 Qxc5 37. Qxa6 Qc1+ 38. Kh2 Qf4+ 39. Kh1 e5 40. a4 e4 41.
Qc8+ Kg7 42. Qc3+ f6 43. a5 e3 44. a6 e2 45. a7 Qe4 46. Qe1 h5 47. Qxe2 Qxe2 48.
a8=Q Qe1+ 49. Kh2 Qe5+ 50. Kh1 Kh6 51. Qb7 Kg5 52. Qb3 f5 53. Qd3 Kh4 54. Qd1 Qe3
55. Kh2 f4 56. Qf1 g5 57. Qd1 Qe5 58. Kh1 Qe3 59. Kh2 Qg3+ 60. Kh1 Qf2 61. Kh2
Qe3 62. Qb1 Qe5 63. Kh1 Kg3 64. Qd1 Qe3 65. Qb1 f3 66. Qb8+ Qf4 67. Qb2 f2 68.
Qc3+ Kh4 69. g3+ Qxg3 70. Qd4+ Qf4 71. Qxf2+ Kxh3 72. Qe3+ Kg4 73. Qe6+ Kf3 74.
Qh3+ Ke2 75. Qg2+ Ke3 76. Kg1 Qg4 77. Qxg4 hxg4 78. Kg2 Kf4 79. Kf2 g3+ 80. Kg2
Kg4 81. Kg1 Kh3 82. Kh1 g2+ 83. Kg1 g4 0-1

[Event "HSG Open 2016"]
[Site "Hilversum"]
[Date "2016.06.18"]
[Round "5.5"]
[White "Visser, Henk-Jan"]
[Black "Kuipers, Stefan"]
[Result "1/2-1/2"]
[BlackElo "2409"]
[WhiteElo "2251"]
[LiveChessVersion "1.4.8"]

1. e4 d6 2. d4 Nf6 3. Nc3 e5 4. Nf3 Nbd7 5. Bc4 Be7 6. a4 O-O 7. O-O a6 8. a5
exd4 9. Qxd4 b5 10. axb6 Nxb6 11. Ba2 Bb7 12. Re1 Nfd7 13. Bf4 Bf6 14. e5 dxe5
1/2-1/2

[Event "HSG Open 2016"]
[Site "Hilversum"]
[Date "2016.06.18"]
[Round "5.6"]
[White "Blees, Albert"]
[Black "Beeke, Bob"]
[Result "0-1"]
[BlackElo "2259"]
[WhiteElo "2403"]
[LiveChessVersion "1.4.8"]

1. c4 {[%clk 1:44:20]} c6 {[%clk 1:50:14]} 2. Nf3 {[%clk 1:43:38]} d5
{[%clk 1:50:19]} 3. d4 {[%clk 1:42:20]} Nf6 {[%clk 1:50:23]} 4. Qc2
{[%clk 1:42:09]} Bg4 {[%clk 1:45:58]} 5. Nbd2 {[%clk 1:37:24]} e6
{[%clk 1:44:03]} 6. e3 {[%clk 1:35:53]} Nbd7 {[%clk 1:41:46]} 7. Bd3
{[%clk 1:35:11]} Bh5 {[%clk 1:38:14]} 8. h3 {[%clk 1:33:44]} Bg6 {[%clk 1:37:11]}
9. O-O {[%clk 1:32:39]} Be7 {[%clk 1:33:29]} 10. b3 {[%clk 1:31:55]} O-O
{[%clk 1:32:06]} 11. Bb2 {[%clk 1:30:59]} c5 {[%clk 1:29:16]} 12. Ne5
{[%clk 1:19:14]} Rc8 {[%clk 1:26:40]} 13. Nxg6 {[%clk 1:15:37]} hxg6
{[%clk 1:26:45]} 14. Qd1 {[%clk 1:06:38]} cxd4 {[%clk 1:24:37]} 15. exd4
{[%clk 1:00:48]} dxc4 {[%clk 1:22:28]} 16. bxc4 {[%clk 1:00:38]} e5
{[%clk 1:21:52]} 17. d5 {[%clk 0:54:34]} Bd6 {[%clk 1:19:32]} 18. Re1
{[%clk 0:52:13]} Re8 {[%clk 1:18:38]} 19. Bf1 {[%clk 0:51:31]} Nh5
{[%clk 1:14:24]} 20. Ne4 {[%clk 0:45:56]} Nc5 {[%clk 1:13:32]} 21. Nxc5
{[%clk 0:40:49]} Bxc5 {[%clk 1:00:39]} 22. Rxe5 {[%clk 0:32:20]} Bxf2+
{[%clk 0:59:02]} 23. Kxf2 {[%clk 0:32:01]} Qf6+ {[%clk 0:58:39]} 24. Qf3
{[%clk 0:29:47]} Qb6+ {[%clk 0:57:31]} 0-1

[Event "HSG Open 2016"]
[Site "Hilversum"]
[Date "2016.06.18"]
[Round "5.7"]
[White "Afek, Yochanan"]
[Black "Beerdsen, Thomas"]
[Result "0-1"]
[BlackElo "2396"]
[WhiteElo "2243"]
[LiveChessVersion "1.4.8"]

1. c4 {[%clk 1:49:35]} e5 {[%clk 1:46:57]} 2. g3 {[%clk 1:48:19]} f5
{[%clk 1:47:01]} 3. Bg2 {[%clk 1:48:20]} Nf6 {[%clk 1:47:04]} 4. Nc3
{[%clk 1:48:05]} d6 {[%clk 1:44:45]} 5. d3 {[%clk 1:45:41]} Be7 {[%clk 1:44:45]}
6. Nf3 {[%clk 1:45:21]} O-O {[%clk 1:44:39]} 7. O-O {[%clk 1:45:27]} c6
{[%clk 1:42:36]} 8. Rb1 {[%clk 1:44:55]} Qe8 {[%clk 1:41:27]} 9. b4
{[%clk 1:41:26]} Qh5 {[%clk 1:41:16]} 10. b5 {[%clk 1:40:28]} e4 {[%clk 1:37:46]}
11. bxc6 {[%clk 1:37:10]} bxc6 {[%clk 1:35:14]} 12. Ne1 {[%clk 1:31:21]} d5
{[%clk 1:32:39]} 13. cxd5 {[%clk 1:31:08]} cxd5 {[%clk 1:31:58]} 14. Qb3
{[%clk 1:21:44]} Qf7 {[%clk 1:28:54]} 15. dxe4 {[%clk 1:18:42]} fxe4
{[%clk 1:27:36]} 16. Ba3 {[%clk 1:12:36]} Be6 {[%clk 1:25:47]} 17. Bxe7
{[%clk 1:12:16]} Qxe7 {[%clk 1:25:52]} 18. Qb2 {[%clk 1:01:15]} Nc6
{[%clk 1:23:55]} 19. Nc2 {[%clk 1:00:23]} Rab8 {[%clk 1:22:35]} 20. Qa3
{[%clk 0:59:25]} Qf7 {[%clk 1:16:17]} 21. Qd6 {[%clk 0:50:07]} Rbc8
{[%clk 1:14:45]} 22. Nb5 {[%clk 0:46:52]} Bg4 {[%clk 1:10:30]} 23. Nbd4
{[%clk 0:40:27]} Ne8 {[%clk 1:02:38]} 24. Qa3 {[%clk 0:39:42]} Qf6
{[%clk 0:58:10]} 25. Rbd1 {[%clk 0:36:32]} Ne5 {[%clk 0:43:36]} 26. Ne3
{[%clk 0:35:11]} Nc4 {[%clk 0:41:54]} 27. Qxa7 {[%clk 0:30:11]} Nxe3
{[%clk 0:39:41]} 28. fxe3 {[%clk 0:29:00]} Qh6 {[%clk 0:37:28]} 29. Rf4
{[%clk 0:26:20]} Nf6 {[%clk 0:34:53]} 30. Qa5 {[%clk 0:18:55]} Ra8
{[%clk 0:28:46]} 31. Qd2 {[%clk 0:19:04]} Ra6 {[%clk 0:28:30]} 32. Nb5
{[%clk 0:16:11]} Qg5 {[%clk 0:25:40]} 33. Nc7 {[%clk 0:15:07]} Rd6
{[%clk 0:25:25]} 34. a4 {[%clk 0:14:48]} Bd7 {[%clk 0:24:05]} 35. Qd4
{[%clk 0:11:13]} Rc8 {[%clk 0:23:01]} 36. Nb5 {[%clk 0:11:03]} Ra6
{[%clk 0:21:49]} 37. Nc3 {[%clk 0:10:12]} Rc4 {[%clk 0:19:59]} 38. Qd2
{[%clk 0:10:21]} Bxa4 {[%clk 0:19:49]} 39. Ra1 {[%clk 0:08:52]} Qe5
{[%clk 0:19:43]} 40. Ra3 {[%clk 0:06:17]} Ra8 {[%clk 0:11:02]} 41. Rf1
{[%clk 0:04:51]} Bc6 {[%clk 0:10:53]} 42. Rxa8+ {[%clk 0:03:55]} Bxa8
{[%clk 0:10:59]} 43. Nb5 {[%clk 0:03:59]} Bc6 {[%clk 0:10:15]} 44. Nd4
{[%clk 0:03:58]} Bd7 {[%clk 0:10:22]} 45. Ra1 {[%clk 0:03:08]} h5
{[%clk 0:10:20]} 46. Qe1 {[%clk 0:02:49]} Ng4 {[%clk 0:09:57]} 47. Bh3
{[%clk 0:02:00]} Nxe3 {[%clk 0:09:46]} 48. Bxd7 {[%clk 0:01:57]} Qxd4
{[%clk 0:09:51]} 49. Kh1 {[%clk 0:01:44]} Kh7 {[%clk 0:08:46]} 50. Rb1
{[%clk 0:01:11]} Qf6 {[%clk 0:08:17]} 51. Qg1 {[%clk 0:01:06]} Rc3
{[%clk 0:06:44]} 52. g4 {[%clk 0:01:04]} hxg4 {[%clk 0:05:45]} 53. Bxg4
{[%clk 0:01:13]} Qg5 {[%clk 0:05:13]} 54. Be6 {[%clk 0:01:05]} Qxg1+
{[%clk 0:03:56]} 55. Kxg1 Kg6 {[%clk 0:03:46]} 56. Kf2 {[%clk 0:01:23]} Kf6
{[%clk 0:03:50]} 57. Rb6 {[%clk 0:01:26]} Ke5 {[%clk 0:03:41]} 58. Bd7
{[%clk 0:01:35]} d4 {[%clk 0:03:25]} 59. Rg6 {[%clk 0:01:44]} Rc1
{[%clk 0:03:21]} 60. Bh3 {[%clk 0:01:43]} Nd1+ {[%clk 0:03:16]} 61. Kg3
{[%clk 0:01:39]} Nc3 {[%clk 0:03:01]} 62. Rg5+ {[%clk 0:01:32]} Kf6
{[%clk 0:03:04]} 63. Rf5+ {[%clk 0:01:40]} Kg6 {[%clk 0:03:13]} 64. Rf2
{[%clk 0:01:43]} Rg1+ {[%clk 0:03:00]} 65. Kf4 {[%clk 0:01:48]} Kf6
{[%clk 0:03:03]} 66. Rg2 {[%clk 0:00:41]} g5+ {[%clk 0:03:09]} 67. Kg4
{[%clk 0:00:43]} Rf1 {[%clk 0:03:00]} 68. Kg3 {[%clk 0:00:43]} e3
{[%clk 0:02:26]} 69. Bg4 {[%clk 0:00:41]} Ne4+ {[%clk 0:02:30]} 70. Kh3
{[%clk 0:00:50]} Rf4 {[%clk 0:02:22]} 0-1